000 00609nam a2200193Ia 4500
003 IN-BaIIA
008 211028s9999 xx 000 0 eng d
040 _cIIA Library
080 _a52-77
_bBRO
100 _aBrown, R Hanbury
_93392
245 4 _aThe exploration of space by radio
_cR. Hanbury Brown and A. C. B. Lovell
260 _aLondon
_bChapman and Hall
_c1957
300 _axii, 207p.
650 _aAstronomy and astrophysics thesaurus
650 _aRadio astronomy
_92849
650 _aSpace astronomy
_93005
700 _aLovell, A. C. B.
_92857
942 _cBK
999 _c1729
_d1729